Dictionary of literary terms (Record no. 8345)

MARC details
000 -LEADER
fixed length control field 00473cam a2200193ua 4500
001 - CONTROL NUMBER
control field 9285
005 - DATE AND TIME OF LATEST TRANSACTION
control field 20260515114441.0
008 - FIXED-LENGTH DATA ELEMENTS--GENERAL INFORMATION
fixed length control field 150225n ii |||gr||||Z||||||eng
040 ## - CATALOGING SOURCE
Transcribing agency MAIN
041 ## - LANGUAGE CODE
Language code of text/sound track or separate title eng
082 ## - DEWEY DECIMAL CLASSIFICATION NUMBER
Classification number 808.103
100 ## - MAIN ENTRY--PERSONAL NAME
Personal name Gupta, A. N.,
Relator term Author.
245 1# - TITLE STATEMENT
Title Dictionary of literary terms
Statement of responsibility, etc. By A. N. Gupta
250 ## - EDITION STATEMENT
Edition statement 1st.
260 ## - PUBLICATION, DISTRIBUTION, ETC.
Place of publication, distribution, etc. Bareilly:
Name of publisher, distributor, etc. Prakash,
Date of publication, distribution, etc. 1995.
300 ## - PHYSICAL DESCRIPTION
Extent 384p.
653 ## - INDEX TERM--UNCONTROLLED
Uncontrolled term Rhetoric & collections of literature
942 ## - ADDED ENTRY ELEMENTS (KOHA)
Koha item type Books
Holdings
Withdrawn status Lost status Damaged status Not for loan Home library Current library Shelving location Date acquired Total checkouts Full call number Barcode Date last seen Copy number Price effective from Koha item type
        Naharkatiya College Library Naharkatiya College Library General stacks 09/19/2020   808.103 | GUP 4813 09/19/2020 1 09/19/2020 Books
        Naharkatiya College Library Naharkatiya College Library General stacks 09/19/2020   808.103 | GUP 4814 09/19/2020 2 09/19/2020 Books